000 00218 a2200097 4500
020 _a9780008750497
100 _aMehran Gul
245 _aThe new geography of innovation
260 _bHarper Collins
_c2025
942 _cOO
999 _c115638
_d115637